000 00596nam a2200217 a 4500
005 20140310183311.0
008 050914s19uu xx 00 eng d
020 _a024080659x
050 _aPN 4784.B75
_b.W5 2005
100 _aWhite, Ted
245 _aBroadcast news writing, reporting, and producing /
_cTed White
250 _a4th
260 _aAmsterdam :
_bElseviere,
_c2005.
300 _a507 p. :
_bill. ;
_c26 cm.
521 _aMC
650 _aBroadcast journalism.
650 _aReporters and reporting.
650 _aReport writing.
942 _cBK
_2lcc
_kFOR
999 _c21153
_d21153